Trends in Cerebrovascular Surgery and Interventions (Запис № 570596)
[ простий вигляд ]
| 000 -LEADER | |
|---|---|
| fixed length control field | 05177nam a22006615i 4500 |
| 001 - CONTROL NUMBER | |
| control field | 978-3-030-63453-7 |
| 003 - CONTROL NUMBER IDENTIFIER | |
| control field | DE-He213 |
| 005 - DATE AND TIME OF LATEST TRANSACTION | |
| control field | 20260304124141.0 |
| 007 - PHYSICAL DESCRIPTION FIXED FIELD--GENERAL INFORMATION | |
| fixed length control field | cr nn 008mamaa |
| 008 - FIXED-LENGTH DATA ELEMENTS--GENERAL INFORMATION | |
| fixed length control field | 210510s2021 sz | s |||| 0|eng d |
| 020 ## - INTERNATIONAL STANDARD BOOK NUMBER | |
| International Standard Book Number | 9783030634537 |
| -- | 978-3-030-63453-7 |
| 024 7# - OTHER STANDARD IDENTIFIER | |
| Standard number or code | 10.1007/978-3-030-63453-7 |
| Source of number or code | doi |
| 050 #4 - LIBRARY OF CONGRESS CALL NUMBER | |
| Classification number | RD592.5-596 |
| 072 #7 - SUBJECT CATEGORY CODE | |
| Subject category code | MNN |
| Source | bicssc |
| 072 #7 - SUBJECT CATEGORY CODE | |
| Subject category code | MED085010 |
| Source | bisacsh |
| 072 #7 - SUBJECT CATEGORY CODE | |
| Subject category code | MNN |
| Source | thema |
| 082 04 - DEWEY DECIMAL CLASSIFICATION NUMBER | |
| Classification number | 617.48 |
| Edition number | 23 |
| 245 10 - TITLE STATEMENT | |
| Title | Trends in Cerebrovascular Surgery and Interventions |
| Medium | [electronic resource] / |
| Statement of responsibility, etc | edited by Giuseppe Esposito, Luca Regli, Marco Cenzato, Yasuhiko Kaku, Michihiro Tanaka, Tetsuya Tsukahara. |
| 250 ## - EDITION STATEMENT | |
| Edition statement | 1st ed. 2021. |
| 264 #1 - | |
| -- | Cham : |
| -- | Springer International Publishing : |
| -- | Imprint: Springer, |
| -- | 2021. |
| 300 ## - PHYSICAL DESCRIPTION | |
| Extent | VI, 149 p. 64 illus., 45 illus. in color. |
| Other physical details | online resource. |
| 336 ## - | |
| -- | text |
| -- | txt |
| -- | rdacontent |
| 337 ## - | |
| -- | computer |
| -- | c |
| -- | rdamedia |
| 338 ## - | |
| -- | online resource |
| -- | cr |
| -- | rdacarrier |
| 347 ## - | |
| -- | text file |
| -- | |
| -- | rda |
| 490 1# - SERIES STATEMENT | |
| Series statement | Acta Neurochirurgica Supplement, |
| Міжнародний стандартний серійний номер для назви серії (ISSN) | 2197-8395 ; |
| Том/ позначення послідовності | 132 |
| 505 0# - FORMATTED CONTENTS NOTE | |
| Formatted contents note | 1 History of the European-Japanese Cerebrovascular Congress -- PART I INTRACRANIAL ANEURYSMS -- 2 When is Diagnostic Subtraction Angiography Indicated Before Clipping of Unruptured and Ruptured Intracranial Aneurysms? An International Survey of Current Practice -- 3 Current Strategies in the Treatment of Intracranial Large and Giant Aneurysms -- 4 Computational Fluid Dynamics for Cerebral Aneurysms in Clinical Settings -- 5 Microneurosurgical Management of Posterior Inferior Cerebellar Artery Aneurysms: Results of a Consecutive Series -- 6 Posterior Circulation Aneurysms: A Critical Appraisal of a Surgical Series in Endovascular Era -- 7 Microneurosurgery for Paraclinoid Aneurysms in the Context of Flow Diverters Revolution -- PART II CEREBRAL REVASCULARIZATION -- 8 Characteristic Pattern of the Cerebral Hemodynamic Changes in the Acute Stage After Combined Revascularization Surgery for Adult Moyamoya Disease: N-isopropyl-p-[123I] iodoamphetamine Single-Photon Emission Computed Tomography Study -- 9 Outcomes of Balloon Angioplasty and Stenting for Symptomatic Intracranial Atherosclerotic Stenosis At a High Volume Center -- PART III ARTERIOVENOUS MALFORMATIONS AND DURAL ARTERIOVENOUS FISTULAS -- 10 Living with a Brain AVM: A Quality of Life Assessment -- 11 Complications in AVM Surgery -- 12 Surgical Simulation with Three-Dimensional Fusion Images in Patients with Arteriovenous Malformation -- 13 Surgical Treatment of Unruptured Brain AVMs: Short and Long Term Results -- 14 Maximum Nidus Depth as a Risk Factor of Surgical Morbidity in Eloquent Brain Arteriovenous Malformations -- 15 Brain Arteriovenous Malformations Classifications: A Surgical Point of View -- 16 The Pre-Operative Functional Downgrading of Brain AVMs -- 17 Intracranial Dural Arteriovenous Fistulas - The Sinus and Non Sinus Concept -- 18 Complications of Endovascular Treatment of Intracranial Dural Arteriovenous Fistulas -- 19 Spinal Dural AVFs, Classifications and Advanced Imaging -- PART IV MISCELLANEOUS -- 20 Intra-Operative BOLD-fMRI Cerebrovascular Reactivity Assessment -- 21 The Hybrid Neurosurgeon –The Japanese Experience. |
| 506 0# - RESTRICTIONS ON ACCESS NOTE | |
| Terms governing access | Open Access |
| 520 ## - SUMMARY, ETC. | |
| Summary, etc | This is an open access proceeding book of 9th European-Japanese Cerebrovascular Congress at Milan 2018. Since many experts from Europe and Japan had very important and fruitful discussion on the management of Cerebrovascular diseases, the proceeding book is very attractive for the physician and scientists of the area. |
| 650 #0 - SUBJECT ADDED ENTRY--TOPICAL TERM | |
| Topical term or geographic name as entry element | Nervous system |
| General subdivision | Surgery. |
| 650 #0 - SUBJECT ADDED ENTRY--TOPICAL TERM | |
| Topical term or geographic name as entry element | Nervous system |
| General subdivision | Radiography. |
| 9 (RLIN) | 13391 |
| 650 #0 - SUBJECT ADDED ENTRY--TOPICAL TERM | |
| Topical term or geographic name as entry element | Radiology. |
| 650 #0 - SUBJECT ADDED ENTRY--TOPICAL TERM | |
| Topical term or geographic name as entry element | Neurology . |
| 650 14 - SUBJECT ADDED ENTRY--TOPICAL TERM | |
| Topical term or geographic name as entry element | Neurosurgery. |
| 650 24 - SUBJECT ADDED ENTRY--TOPICAL TERM | |
| Topical term or geographic name as entry element | Neuroradiology. |
| 9 (RLIN) | 13392 |
| 650 24 - SUBJECT ADDED ENTRY--TOPICAL TERM | |
| Topical term or geographic name as entry element | Radiology. |
| 650 24 - SUBJECT ADDED ENTRY--TOPICAL TERM | |
| Topical term or geographic name as entry element | Neurology. |
| 700 1# - ADDED ENTRY--PERSONAL NAME | |
| Personal name | Esposito, Giuseppe. |
| Relator term | editor. |
| Relator code | edt |
| -- | http://id.loc.gov/vocabulary/relators/edt |
| 9 (RLIN) | 21700 |
| 700 1# - ADDED ENTRY--PERSONAL NAME | |
| Personal name | Regli, Luca. |
| Relator term | editor. |
| -- | (orcid)0000-0001-8687-3109 |
| -- | https://orcid.org/0000-0001-8687-3109 |
| Relator code | edt |
| -- | http://id.loc.gov/vocabulary/relators/edt |
| 9 (RLIN) | 21703 |
| 700 1# - ADDED ENTRY--PERSONAL NAME | |
| Personal name | Cenzato, Marco. |
| Relator term | editor. |
| Relator code | edt |
| -- | http://id.loc.gov/vocabulary/relators/edt |
| 9 (RLIN) | 23593 |
| 700 1# - ADDED ENTRY--PERSONAL NAME | |
| Personal name | Kaku, Yasuhiko. |
| Relator term | editor. |
| Relator code | edt |
| -- | http://id.loc.gov/vocabulary/relators/edt |
| 9 (RLIN) | 21701 |
| 700 1# - ADDED ENTRY--PERSONAL NAME | |
| Personal name | Tanaka, Michihiro. |
| Relator term | editor. |
| Relator code | edt |
| -- | http://id.loc.gov/vocabulary/relators/edt |
| 9 (RLIN) | 23594 |
| 700 1# - ADDED ENTRY--PERSONAL NAME | |
| Personal name | Tsukahara, Tetsuya. |
| Relator term | editor. |
| Relator code | edt |
| -- | http://id.loc.gov/vocabulary/relators/edt |
| 9 (RLIN) | 21704 |
| 710 2# - ADDED ENTRY--CORPORATE NAME | |
| Corporate name or jurisdiction name as entry element | SpringerLink (Online service) |
| 773 0# - HOST ITEM ENTRY | |
| Title | Springer Nature eBook |
| 776 08 - ADDITIONAL PHYSICAL FORM ENTRY | |
| Display text | Printed edition: |
| International Standard Book Number | 9783030634520 |
| 776 08 - ADDITIONAL PHYSICAL FORM ENTRY | |
| Display text | Printed edition: |
| International Standard Book Number | 9783030634544 |
| 776 08 - ADDITIONAL PHYSICAL FORM ENTRY | |
| Display text | Printed edition: |
| International Standard Book Number | 9783030634551 |
| 830 #0 - SERIES ADDED ENTRY--UNIFORM TITLE | |
| Uniform title | Acta Neurochirurgica Supplement, |
| -- | 2197-8395 ; |
| Volume number/sequential designation | 132 |
| 9 (RLIN) | 17946 |
| 856 40 - ELECTRONIC LOCATION AND ACCESS | |
| Uniform Resource Identifier | <a href="https://doi.org/10.1007/978-3-030-63453-7">https://doi.org/10.1007/978-3-030-63453-7</a> |
| 912 ## - | |
| -- | ZDB-2-SME |
| 912 ## - | |
| -- | ZDB-2-SXM |
| 912 ## - | |
| -- | ZDB-2-SXPE |
| 912 ## - | |
| -- | ZDB-2-SOB |
Немає доступних примірників.